[Event "34. Copenhagen Open (Politiken Cup)"]
[Site "Elsinore"]
[Date "2012.08.05"]
[Round "10"]
[White "Lofgren, Claes"]
[Black "Ochsner, Bjorn Moller"]
[Result "0-1"]
[WhiteElo "2111"]
[BlackElo "2290"]
[PlyCount "64"]
[EventDate "2012.07.28"]
[EventType "swiss"]
[EventRounds "10"]
[EventCountry "DEN"]
[Source "ChessBase"]
[SourceDate "2012.08.24"]

1. Nf3 c5 2. c4 Nc6 3. g3 g6 4. Bg2 Bg7 5. Nc3 e6 6. O-O Nge7 7. e3 Nf5 8. d3
O-O 9. Ne1 b6 10. Nc2 Bb7 11. Bd2 h6 12. Rb1 d6 13. a3 Qd7 14. b4 Rad8 15. Qe2
Kh7 16. f4 Nfe7 17. Rfd1 Rc8 18. Be1 Nd8 19. bxc5 dxc5 20. a4 Bxg2 21. Qxg2 Nb7
22. Nb5 a6 23. Nc3 Qc7 24. a5 Nxa5 25. Na4 Rb8 26. Rxb6 Rxb6 27. Bxa5 Rb1 28.
Rxb1 Qxa5 29. Rb7 Qxa4 30. Rxe7 Rb8 31. Ne1 Rb1 32. Qd2 Qa1 0-1

[Event "34. Copenhagen Open (Politiken Cup)"]
[Site "Elsinore"]
[Date "2012.08.05"]
[Round "10"]
[White "Madison, Sigurd"]
[Black "Nielsen, Jens Holm"]
[Result "0-1"]
[WhiteElo "1799"]
[BlackElo "1914"]
[PlyCount "58"]
[EventDate "2012.07.28"]
[EventType "swiss"]
[EventRounds "10"]
[EventCountry "DEN"]
[Source "ChessBase"]
[SourceDate "2012.08.24"]

1. e4 e5 2. Nf3 d6 3. d4 Qe7 4. d5 f5 5. exf5 Bxf5 6. Be2 Nf6 7. Nc3 g6 8. h3
Bg7 9. O-O O-O 10. Bg5 h6 11. Be3 g5 12. Re1 c5 13. Bc4 a6 14. a4 Nbd7 15. Qd2
e4 16. Nh2 Ne5 17. Ba2 Qd7 18. h4 gxh4 19. Bxh6 h3 20. Qg5 Rf7 21. f3 Nh7 22.
Qg3 Kh8 23. Bf4 exf3 24. gxf3 Bxc2 25. Bb1 Bxb1 26. Rexb1 Nd3 27. Bxd6 Bd4+ 28.
Kf1 Rg8 29. Ng4 Re8 0-1

[Event "34. Copenhagen Open (Politiken Cup)"]
[Site "Elsinore"]
[Date "2012.08.05"]
[Round "10"]
[White "Maechel, Michael"]
[Black "Kristiansen, Espen"]
[Result "1/2-1/2"]
[WhiteElo "1754"]
[BlackElo "1634"]
[PlyCount "110"]
[EventDate "2012.07.28"]
[EventType "swiss"]
[EventRounds "10"]
[EventCountry "DEN"]
[Source "ChessBase"]
[SourceDate "2012.08.24"]

1. e4 c6 2. d4 d5 3. Nc3 dxe4 4. f3 exf3 5. Nxf3 Bg4 6. Bc4 e6 7. O-O Nf6 8.
Kh1 Bd6 9. Bg5 Nbd7 10. Ne4 Be7 11. Bxf6 Nxf6 12. Nxf6+ Bxf6 13. c3 O-O 14. Qd3
b5 15. Bb3 Bf5 16. Qe3 Qc7 17. Ng5 Bxg5 18. Qxg5 Bg6 19. h4 h6 20. Qe3 Rae8 21.
Rf3 Qe7 22. Qf2 a5 23. a3 Qc7 24. Rd1 Bh5 25. Bc2 Bxf3 26. Qxf3 b4 27. axb4
axb4 28. g4 bxc3 29. bxc3 c5 30. g5 hxg5 31. hxg5 Qe7 32. Qh5 g6 33. Qh6 Ra8
34. Rd2 Ra1+ 35. Kg2 f5 36. Qxg6+ Qg7 37. Qxe6+ Qf7 38. Bxf5 Qxe6 39. Bxe6+ Kg7
40. dxc5 Rff1 41. Bc4 Rg1+ 42. Kf3 Rxg5 43. Rd7+ Kf6 44. Rd6+ Ke7 45. Re6+ Kd8
46. Rd6+ Kc7 47. Bd5 Rxd5 48. Rxd5 Rc1 49. Ke3 Rxc3+ 50. Kd4 Rc1 51. Rh5 Rd1+
52. Ke4 Kc6 53. Rg5 Rd2 54. Ke3 Rd5 55. Rxd5 Kxd5 1/2-1/2

[Event "34. Copenhagen Open (Politiken Cup)"]
[Site "Elsinore"]
[Date "2012.08.05"]
[Round "10"]
[White "Matthiesen, Martin"]
[Black "Eriksson, Christian Altenburg"]
[Result "1/2-1/2"]
[WhiteElo "2285"]
[BlackElo "2106"]
[PlyCount "208"]
[EventDate "2012.07.28"]
[EventType "swiss"]
[EventRounds "10"]
[EventCountry "DEN"]
[Source "ChessBase"]
[SourceDate "2012.08.24"]

1. d4 d5 2. c4 dxc4 3. Nf3 Nf6 4. e3 e6 5. Bxc4 a6 6. a4 c5 7. O-O Nc6 8. Qe2
Qc7 9. Nc3 Bd6 10. b3 O-O 11. Bb2 b6 12. Rfd1 Na5 13. Rac1 Nxc4 14. bxc4 cxd4
15. exd4 Bf4 16. Rc2 Re8 17. Qd3 Bb7 18. d5 Rad8 19. Ne2 exd5 20. Bxf6 gxf6 21.
Qf5 dxc4 22. Qg4+ Kh8 23. Rd4 Bxf3 24. gxf3 Rg8 25. Rxf4 h5 26. Qg3 Rxg3+ 27.
hxg3 b5 28. axb5 axb5 29. Nc3 Qd7 30. Rb2 Rb8 31. Kg2 f5 32. Rxc4 bxc4 33.
Rxb8+ Kg7 34. Rb4 Qd3 35. Na4 Qe2 36. Nc3 Qe6 37. Ra4 Kh6 38. Rb4 Qc6 39. Rb1
Qf6 40. Ne2 Qe5 41. Kf1 h4 42. gxh4 Kh5 43. Rc1 Qb5 44. f4 Qd5 45. Ke1 Kxh4 46.
Rc3 Kh5 47. Rg3 Qa5+ 48. Kd1 Qa1+ 49. Kd2 Qb2+ 50. Kd1 Kh6 51. Rc3 Qb1+ 52. Kd2
Qb2+ 53. Kd1 Qb4 54. Rg3 Kh7 55. Re3 Kg6 56. Rg3+ Kf6 57. Re3 Qb1+ 58. Kd2 Qb2+
59. Ke1 Qb4+ 60. Kf1 Qb1+ 61. Kg2 Qb7+ 62. Kg1 Qd5 63. Kh2 Qd2 64. Kg1 Qb4 65.
Kf1 Qd6 66. Ke1 Kg7 67. Kf1 c3 68. Nxc3 Qxf4 69. Ne2 Qc4 70. f4 Kf6 71. Kf2 Qc2
72. Rc3 Qb2 73. Re3 Qb7 74. Ng3 Qb2+ 75. Ne2 Qb1 76. Ng3 Qc1 77. Ne2 Qd2 78.
Re5 Kg6 79. Re3 Qd1 80. Rg3+ Kf6 81. Re3 Qh1 82. Re5 Qh4+ 83. Ke3 Qe1 84. Kf3
Kg6 85. Re3 Qf1+ 86. Kg3 f6 87. Re7 Kh6 88. Re8 Kg7 89. Re6 Kf7 90. Re3 Kf8 91.
Re6 Kg7 92. Re8 Kf7 93. Re3 Qd1 94. Kf2 Qd5 95. Kg1 Qc5 96. Kf2 Kg6 97. Ng3 Qb6
98. Ne2 Kh5 99. Kf3 Kh4 100. Rc3 Qb4 101. Kf2 Qb6+ 102. Kf3 Qb2 103. Kf2 Qd2
104. Re3 Kg4 1/2-1/2

[Event "34. Copenhagen Open (Politiken Cup)"]
[Site "Elsinore"]
[Date "2012.08.05"]
[Round "10"]
[White "Molvig, Julius"]
[Black "Kyrkjebo, Erlend"]
[Result "0-1"]
[WhiteElo "1905"]
[BlackElo "2035"]
[PlyCount "80"]
[EventDate "2012.07.28"]
[EventType "swiss"]
[EventRounds "10"]
[EventCountry "DEN"]
[Source "ChessBase"]
[SourceDate "2012.08.24"]

1. d4 Nf6 2. c4 c5 3. d5 e6 4. Nc3 exd5 5. cxd5 d6 6. e4 g6 7. Bf4 a6 8. a4 Bg7
9. Nf3 Bg4 10. Be2 O-O 11. O-O Nh5 12. Be3 f5 13. Ng5 f4 14. Bxg4 Qxg5 15. Bc1
Be5 16. Be6+ Kh8 17. Qg4 Qf6 18. Bd2 Ng7 19. Ra3 h5 20. Qh3 g5 21. Rb3 Ra7 22.
Rb6 Qg6 23. f3 Rf6 24. Bc8 Qf7 25. Ne2 Rg6 26. Ba5 Kg8 27. Rc1 Qe8 28. Rxb7
Rxb7 29. Bxb7 g4 30. fxg4 hxg4 31. Qb3 f3 32. Ng3 Bxg3 33. hxg3 Qxe4 34. Re1
Qd4+ 35. Kf1 Nf5 36. gxf3 Nxg3+ 37. Kg2 gxf3+ 38. Qxf3 Nf5+ 39. Kf1 Rg1+ 40.
Ke2 Ng3+ 0-1

[Event "34. Copenhagen Open (Politiken Cup)"]
[Site "Elsinore"]
[Date "2012.08.05"]
[Round "10"]
[White "Mouritsen, Jan"]
[Black "Brondum, Jan Kraul"]
[Result "1-0"]
[WhiteElo "1822"]
[BlackElo "1647"]
[PlyCount "45"]
[EventDate "2012.07.28"]
[EventType "swiss"]
[EventRounds "10"]
[EventCountry "DEN"]
[Source "ChessBase"]
[SourceDate "2012.08.24"]

1. d4 Nf6 2. c4 e6 3. Nf3 c6 4. Nc3 Bb4 5. Qc2 d5 6. e3 b6 7. Bd3 dxc4 8. Bxc4
Ba6 9. Bxa6 Nxa6 10. O-O Rc8 11. a3 Be7 12. e4 O-O 13. Rd1 Nb8 14. Bg5 Nbd7 15.
Rac1 Ng4 16. Bf4 f5 17. h3 h5 18. Qd2 Ngf6 19. Ng5 Nxe4 20. Ncxe4 Bxg5 21. Nxg5
Qf6 22. Qe2 Rfe8 23. Qxh5 1-0

[Event "34. Copenhagen Open (Politiken Cup)"]
[Site "Elsinore"]
[Date "2012.08.05"]
[Round "10"]
[White "Nassetti, Francesco"]
[Black "Vanheirzeele, Daniel"]
[Result "0-1"]
[WhiteElo "1843"]
[BlackElo "2145"]
[PlyCount "58"]
[EventDate "2012.07.28"]
[EventType "swiss"]
[EventRounds "10"]
[EventCountry "DEN"]
[Source "ChessBase"]
[SourceDate "2012.08.24"]

1. e4 c5 2. Nf3 d6 3. d4 cxd4 4. Qxd4 Nc6 5. Bb5 Bd7 6. Qd3 g6 7. O-O Bg7 8. a3
Nf6 9. h3 O-O 10. Nc3 a6 11. Bc4 Rc8 12. Ba2 b5 13. Bg5 h6 14. Be3 Kh7 15. g4
Nxg4 16. hxg4 Bxg4 17. Bf4 f5 18. Ng5+ hxg5 19. Bxg5 Ne5 20. Qg3 Nf3+ 21. Kg2
Nxg5 22. Rh1+ Bh6 23. Rxh6+ Kxh6 24. Qh4+ Bh5 25. Rg1 Nf3 26. Qg3 Nxg1 27. exf5
Rxf5 28. Qe3+ Rg5+ 29. Kf1 Rxc3 0-1

[Event "34. Copenhagen Open (Politiken Cup)"]
[Site "Elsinore"]
[Date "2012.08.05"]
[Round "10"]
[White "Nielsen, Hogni Egilstoft"]
[Black "Philipsen, William Horup"]
[Result "1-0"]
[WhiteElo "2057"]
[BlackElo "1905"]
[PlyCount "55"]
[EventDate "2012.07.28"]
[EventType "swiss"]
[EventRounds "10"]
[EventCountry "DEN"]
[Source "ChessBase"]
[SourceDate "2012.08.24"]

1. e4 e5 2. Nf3 Nc6 3. Bc4 Nf6 4. d3 Bc5 5. Bg5 h6 6. Bh4 g5 7. Bg3 d6 8. c3
Bg4 9. Qb3 Na5 10. Bxf7+ Ke7 11. Qa4 Kxf7 12. Qxa5 Qe7 13. Nbd2 Nh5 14. O-O-O
Nf4 15. Bxf4 gxf4 16. d4 Bb6 17. Qa4 Rhg8 18. dxe5 Bxf2 19. exd6 cxd6 20. Nc4
Be3+ 21. Nxe3 fxe3 22. Rhf1 Kg6 23. e5 Bxf3 24. Rxd6+ Kh5 25. Rxf3 Qxe5 26.
Rh3+ Kg5 27. Qh4+ Kf5 28. Rf3+ 1-0

[Event "34. Copenhagen Open (Politiken Cup)"]
[Site "Elsinore"]
[Date "2012.08.05"]
[Round "10"]
[White "Nielsen, Klaus"]
[Black "Bjorneboe, Kristian"]
[Result "1/2-1/2"]
[WhiteElo "2069"]
[BlackElo "1959"]
[PlyCount "97"]
[EventDate "2012.07.28"]
[EventType "swiss"]
[EventRounds "10"]
[EventCountry "DEN"]
[Source "ChessBase"]
[SourceDate "2012.08.24"]

1. d4 Nf6 2. Nf3 g6 3. Bg5 Bg7 4. Nbd2 d5 5. e3 c6 6. Bd3 Bf5 7. O-O Nbd7 8.
Bxf5 gxf5 9. c4 Ne4 10. cxd5 cxd5 11. Rc1 Nxg5 12. Nxg5 O-O 13. f4 Nf6 14. Ndf3
h6 15. Nh3 Qb6 16. Qd3 Ne4 17. Rc2 Rfc8 18. Rfc1 Rxc2 19. Rxc2 e6 20. Nf2 a5
21. h3 Qa6 22. Qd1 Nd6 23. Nd3 Nc4 24. Qc1 a4 25. b3 axb3 26. axb3 Nd6 27. Qd1
Qb6 28. Nd2 Ra3 29. Nc5 Qb5 30. Qc1 Ra8 31. Na4 Qd3 32. Kf2 Bxd4 33. exd4 Qxd4+
34. Kf1 Qxf4+ 35. Kg1 b5 36. Nc3 d4 37. Nd1 d3 38. Rc3 Qd4+ 39. Kh1 b4 40. Nf3
Qe4 41. Rc5 Ra2 42. Re5 d2 43. Qc5 Qb1 44. Qxd6 Qxd1+ 45. Kh2 Qc1 46. Qd8+ Kg7
47. Rxe6 fxe6 48. Qe7+ Kg8 49. Qe8+ 1/2-1/2

[Event "34. Copenhagen Open (Politiken Cup)"]
[Site "Elsinore"]
[Date "2012.08.05"]
[Round "10"]
[White "Nielsen, Lars Aaes"]
[Black "Salgado Lopez, Ivan"]
[Result "0-1"]
[WhiteElo "2254"]
[BlackElo "2635"]
[PlyCount "108"]
[EventDate "2012.07.28"]
[EventType "swiss"]
[EventRounds "10"]
[EventCountry "DEN"]
[Source "ChessBase"]
[SourceDate "2012.08.24"]

1. e4 e5 2. Nf3 Nc6 3. Bb5 a6 4. Bxc6 dxc6 5. O-O Be7 6. d4 Nf6 7. Nc3 exd4 8.
Nxd4 O-O 9. Bf4 Bb4 10. f3 Qe7 11. Qe1 c5 12. Nde2 c4 13. Kh1 Be6 14. Qh4 h6
15. Be5 Rad8 16. Nf4 c6 17. Rad1 Bc8 18. Bxf6 Qxf6 19. Qxf6 gxf6 20. Nce2 f5
21. c3 Bd6 22. Nh5 fxe4 23. Nf6+ Kg7 24. Nxe4 Be7 25. g4 f5 26. gxf5 Bxf5 27.
Nd4 Bc8 28. Nd2 c5 29. Ne2 b5 30. Ng3 Bh3 31. Rfe1 Rd7 32. Rg1 Kh7 33. Rde1 Rf7
34. Nge4 Rd5 35. Re2 Bh4 36. Nf2 Bc8 37. Nfe4 Bh3 38. Nf2 Bd7 39. Ng4 Bc8 40.
Nf2 Bb7 41. Nfe4 Be7 42. Rg3 Rdf5 43. Kg2 h5 44. Kf1 Bd5 45. Rh3 h4 46. Ke1 Re5
47. Nf2 Rxe2+ 48. Kxe2 Kg6 49. Ng4 Rf4 50. Nf1 Be6 51. Nfe3 Kh5 52. Kf2 Bg5 53.
Ke2 Rf8 54. Nf1 Bxg4 0-1

[Event "34. Copenhagen Open (Politiken Cup)"]
[Site "Elsinore"]
[Date "2012.08.05"]
[Round "10"]
[White "Nielsen, Michael1"]
[Black "Solli, Oddvar"]
[Result "1-0"]
[WhiteElo "2127"]
[BlackElo "1894"]
[PlyCount "43"]
[EventDate "2012.07.28"]
[EventType "swiss"]
[EventRounds "10"]
[EventCountry "DEN"]
[Source "ChessBase"]
[SourceDate "2012.08.24"]

1. d4 d5 2. c4 dxc4 3. Nc3 c6 4. e3 b5 5. Nxb5 cxb5 6. Qf3 Nc6 7. Qxc6+ Bd7 8.
Qa6 Qc8 9. Qxc8+ Rxc8 10. Nf3 Nf6 11. Ne5 e6 12. Bd2 Bd6 13. a4 a6 14. Be2 Bxe5
15. dxe5 Ne4 16. Bb4 Nc5 17. axb5 axb5 18. Ra7 Ke7 19. O-O Rhd8 20. Rd1 Ke8 21.
Ba5 Ra8 22. Bxd8 1-0

[Event "34. Copenhagen Open (Politiken Cup)"]
[Site "Elsinore"]
[Date "2012.08.05"]
[Round "10"]
[White "Nielsen, Palle"]
[Black "Molin, Claus"]
[Result "1/2-1/2"]
[WhiteElo "1774"]
[BlackElo "1993"]
[PlyCount "30"]
[EventDate "2012.07.28"]
[EventType "swiss"]
[EventRounds "10"]
[EventCountry "DEN"]
[Source "ChessBase"]
[SourceDate "2012.08.24"]

1. c4 e6 2. d4 Nf6 3. Nc3 d5 4. Bg5 Be7 5. e3 O-O 6. Nf3 h6 7. Bh4 b6 8. Be2
Bb7 9. O-O Nbd7 10. Ne5 Nxe5 11. dxe5 Ne4 12. Bxe7 Qxe7 13. Nxe4 dxe4 14. Qc2
Rfd8 15. Rfd1 Rxd1+ 1/2-1/2

[Event "34. Copenhagen Open (Politiken Cup)"]
[Site "Elsinore"]
[Date "2012.08.05"]
[Round "10"]
[White "Nordin, Eric"]
[Black "Sem Johansen, Asmund"]
[Result "0-1"]
[WhiteElo "1906"]
[BlackElo "1751"]
[PlyCount "44"]
[EventDate "2012.07.28"]
[EventType "swiss"]
[EventRounds "10"]
[EventCountry "DEN"]
[Source "ChessBase"]
[SourceDate "2012.08.24"]

1. e4 c6 2. d4 d5 3. Nc3 dxe4 4. Nxe4 Nf6 5. Nxf6+ gxf6 6. Nf3 Qc7 7. g3 Bg4 8.
Bg2 e5 9. Qe2 Nd7 10. Bf4 O-O-O 11. dxe5 fxe5 12. Bxe5 Nxe5 13. Qxe5 Qxe5+ 14.
Nxe5 Re8 15. O-O Rxe5 16. Rfe1 Rxe1+ 17. Rxe1 Bd6 18. h3 Bd7 19. f4 Re8 20. Rd1
Kc7 21. Bf3 Bxh3 22. g4 Rg8 0-1

[Event "34. Copenhagen Open (Politiken Cup)"]
[Site "Elsinore"]
[Date "2012.08.05"]
[Round "10"]
[White "Nordstrom, Hakon N"]
[Black "Helin, Mikael"]
[Result "0-1"]
[WhiteElo "1776"]
[BlackElo "1905"]
[PlyCount "40"]
[EventDate "2012.07.28"]
[EventType "swiss"]
[EventRounds "10"]
[EventCountry "DEN"]
[Source "ChessBase"]
[SourceDate "2012.08.24"]

1. d4 d5 2. Nf3 Nc6 3. e3 Bg4 4. c4 e6 5. Nc3 Nf6 6. cxd5 exd5 7. Bb5 Bd6 8.
O-O O-O 9. Re1 Re8 10. h3 Bxf3 11. Qxf3 Nxd4 12. Qd1 Nxb5 13. Nxb5 Bc5 14. Bd2
c6 15. Rc1 Ne4 16. Nc3 Nxd2 17. Qxd2 Bb6 18. Na4 Bc7 19. e4 Qh4 20. Nc5 Bf4 0-1

[Event "34. Copenhagen Open (Politiken Cup)"]
[Site "Elsinore"]
[Date "2012.08.05"]
[Round "10"]
[White "Okland, Sveinung"]
[Black "Bennion, David"]
[Result "1-0"]
[WhiteElo "1846"]
[BlackElo "2007"]
[PlyCount "49"]
[EventDate "2012.07.28"]
[EventType "swiss"]
[EventRounds "10"]
[EventCountry "DEN"]
[Source "ChessBase"]
[SourceDate "2012.08.24"]

1. d4 d5 2. Bf4 c5 3. e3 Qb6 4. b3 Nc6 5. Nf3 Bf5 6. Bd3 Bxd3 7. Qxd3 Nb4 8.
Qe2 Rc8 9. c3 cxd4 10. exd4 e6 11. cxb4 Bxb4+ 12. Nbd2 Nf6 13. O-O O-O 14. Rfc1
Ba3 15. Rxc8 Rxc8 16. Qd3 Bb2 17. Rd1 Rc3 18. Qb1 Ba3 19. Nf1 h6 20. Bc1 Bd6
21. Bb2 Rc8 22. Rc1 Re8 23. Ng3 e5 24. dxe5 Ng4 25. Bd4 1-0

[Event "34. Copenhagen Open (Politiken Cup)"]
[Site "Elsinore"]
[Date "2012.08.05"]
[Round "10"]
[White "Olsen, Karsten Kierkegaard"]
[Black "Bue, Gunnar"]
[Result "1/2-1/2"]
[WhiteElo "1618"]
[BlackElo "1677"]
[PlyCount "56"]
[EventDate "2012.07.28"]
[EventType "swiss"]
[EventRounds "10"]
[EventCountry "DEN"]
[Source "ChessBase"]
[SourceDate "2012.08.24"]

1. e4 d6 2. Nf3 g6 3. Bc4 Bg7 4. c3 c6 5. d4 Nf6 6. Qe2 O-O 7. O-O b5 8. Bb3 b4
9. Bc2 a5 10. Rd1 Qc7 11. c4 Nbd7 12. b3 c5 13. Bb2 cxd4 14. Nxd4 Ne5 15. Nd2
Bd7 16. Nf1 a4 17. Rac1 axb3 18. axb3 Ra2 19. Bb1 Raa8 20. Rc2 Nh5 21. Qd2 Ng4
22. Nb5 Qb7 23. Bxg7 Nxg7 24. Qxb4 Rab8 25. Rdd2 Bxb5 26. cxb5 Qxb5 27. Qxb5
Rxb5 28. Rd3 Ne5 1/2-1/2

[Event "34. Copenhagen Open (Politiken Cup)"]
[Site "Elsinore"]
[Date "2012.08.05"]
[Round "10"]
[White "Pedersen, Christopher RNH"]
[Black "Colpe, Malte"]
[Result "0-1"]
[WhiteElo "2041"]
[BlackElo "2284"]
[PlyCount "68"]
[EventDate "2012.07.28"]
[EventType "swiss"]
[EventRounds "10"]
[EventCountry "DEN"]
[Source "ChessBase"]
[SourceDate "2012.08.24"]

1. e4 c5 2. Nf3 d6 3. d4 cxd4 4. Nxd4 Nf6 5. Nc3 a6 6. Bg5 e6 7. f4 h6 8. Bh4
Qb6 9. Qd2 Qxb2 10. Rb1 Qa3 11. e5 dxe5 12. fxe5 g5 13. Bg3 Nh5 14. Ne4 Nd7 15.
Rb3 Qxa2 16. Be2 Nxg3 17. hxg3 Be7 18. O-O Nc5 19. Nf6+ Bxf6 20. exf6 O-O 21.
Rd1 Nxb3 22. Nxb3 Qa4 23. Qd6 Qc6 24. Qe7 Re8 25. Qa3 e5 26. Rd6 Qxc2 27. Bd3
Qd1+ 28. Kh2 Qh5+ 29. Kg1 e4 30. Bxe4 Bf5 31. g4 Qxg4 32. Bxf5 Qxf5 33. Qb4 a5
34. Qc3 Rac8 0-1

[Event "34. Copenhagen Open (Politiken Cup)"]
[Site "Elsinore"]
[Date "2012.08.05"]
[Round "10"]
[White "Percivaldi, Martin"]
[Black "Degerfeldt, Sven"]
[Result "1-0"]
[WhiteElo "2015"]
[BlackElo "1848"]
[PlyCount "79"]
[EventDate "2012.07.28"]
[EventType "swiss"]
[EventRounds "10"]
[EventCountry "DEN"]
[Source "ChessBase"]
[SourceDate "2012.08.24"]

1. d4 d5 2. c4 c6 3. Nf3 Nf6 4. e3 g6 5. Nc3 Bg7 6. Be2 O-O 7. O-O e6 8. b3
Nbd7 9. Bb2 Re8 10. Qc2 b6 11. e4 dxe4 12. Nxe4 Nxe4 13. Qxe4 Bb7 14. Rad1 Qc7
15. Qc2 Rac8 16. Rfe1 e5 17. dxe5 c5 18. e6 Rxe6 19. Ng5 Ree8 20. Bf3 Bxf3 21.
Nxf3 Nf6 22. Be5 Qb7 23. Qb2 Nh5 24. Bxg7 Nxg7 25. Ne5 Rcd8 26. Rxd8 Rxd8 27.
Qc3 Ne6 28. Qe3 Nd4 29. Ng4 Nf5 30. Qe5 Qb8 31. Nf6+ Kh8 32. Nd5+ Qxe5 33. Rxe5
f6 34. Re6 Kg7 35. g4 Nd4 36. Re7+ Kh6 37. Rxa7 Kg5 38. h3 h5 39. gxh5 gxh5 40.
Kg2 1-0

[Event "34. Copenhagen Open (Politiken Cup)"]
[Site "Elsinore"]
[Date "2012.08.05"]
[Round "10"]
[White "Pettersen, Joar Gullestad"]
[Black "Moerling, Joakim"]
[Result "1/2-1/2"]
[WhiteElo "2007"]
[BlackElo "1685"]
[PlyCount "117"]
[EventDate "2012.07.28"]
[EventType "swiss"]
[EventRounds "10"]
[EventCountry "DEN"]
[Source "ChessBase"]
[SourceDate "2012.08.24"]

1. Nf3 d5 2. d4 Nf6 3. g3 Bf5 4. c4 c6 5. Bg2 e6 6. O-O Be7 7. Nc3 O-O 8. b3
Nbd7 9. Bb2 Rc8 10. Nd2 Qa5 11. e4 dxe4 12. Ndxe4 Nxe4 13. Nxe4 Nf6 14. Bc3 Qb6
15. Qe2 Bxe4 16. Bxe4 Nxe4 17. Qxe4 Bf6 18. Rfd1 Rfd8 19. Rd2 Rd7 20. Rad1 Rcd8
21. Rd3 h6 22. Kg2 Qc7 23. Qg4 c5 24. Kg1 cxd4 25. Bxd4 Bxd4 26. Rxd4 Rxd4 27.
Rxd4 Rxd4 28. Qxd4 Qa5 29. a4 Qe1+ 30. Kg2 a5 31. Qd8+ Kh7 32. Qd3+ Kg8 33. h4
Qe5 34. Qd8+ Kh7 35. Qd3+ g6 36. Qf3 Qc7 37. Qf6 e5 38. Kh2 Kg8 39. h5 gxh5 40.
Qxh6 Qc5 41. Qg5+ Kf8 42. Kg1 Qb4 43. Qxh5 f6 44. Qf3 Ke7 45. Kg2 Qb6 46. Kf1
Qc6 47. Qxc6 bxc6 48. Ke2 Kd6 49. Kd3 Kc5 50. f3 Kb4 51. Kc2 Ka3 52. c5 Kb4 53.
g4 Kxc5 54. Kc3 Kd5 55. b4 axb4+ 56. Kxb4 Kd4 57. a5 c5+ 58. Kb5 c4 59. a6
1/2-1/2

[Event "34. Copenhagen Open (Politiken Cup)"]
[Site "Elsinore"]
[Date "2012.08.05"]
[Round "10"]
[White "Rasmussen, Henning Lau"]
[Black "Marthedal, Anton Mehmet Yildiz"]
[Result "1-0"]
[WhiteElo "1789"]
[BlackElo "1334"]
[PlyCount "101"]
[EventDate "2012.07.28"]
[EventType "swiss"]
[EventRounds "10"]
[EventCountry "DEN"]
[Source "ChessBase"]
[SourceDate "2012.08.24"]

1. d4 d5 2. c4 e6 3. Nf3 Nf6 4. e3 b6 5. Nc3 Bd6 6. Bd3 Ba6 7. b3 Nbd7 8. Nb5
Bb4+ 9. Bd2 Bxd2+ 10. Qxd2 Bxb5 11. cxb5 O-O 12. Qc2 Rc8 13. Rc1 Re8 14. O-O h6
15. Qb2 Re7 16. Rc2 Nf8 17. Rfc1 Ng6 18. Bxg6 fxg6 19. Ne5 Qe8 20. Nc6 Qd7 21.
Nxe7+ Qxe7 22. Rc6 Ne8 23. a4 Kh7 24. Qe2 Qa3 25. Qc2 Nf6 26. Rxc7 Rxc7 27.
Qxc7 Qxb3 28. Qc2 Qb4 29. Rb1 Qd6 30. f3 Qe7 31. Rc1 Qa3 32. Kf2 Qf8 33. Ke2
Qa3 34. Rb1 h5 35. g3 Kh6 36. h4 Ne8 37. Qb3 Qd6 38. Kf2 Nf6 39. Rc1 Qf8 40.
Ke2 Qd6 41. Kf2 Qf8 42. Kg2 Qe7 43. Qc3 Ne8 44. e4 g5 45. Qe3 Kh7 46. Qxg5 Qa3
47. Qxh5+ Kg8 48. Qxe8+ Kh7 49. Qh5+ Kg8 50. Rc8+ Qf8 51. Rxf8+ 1-0

[Event "34. Copenhagen Open (Politiken Cup)"]
[Site "Elsinore"]
[Date "2012.08.05"]
[Round "10"]
[White "Rasmussen, Lars"]
[Black "Jensen, Tobias Ilsoe"]
[Result "1/2-1/2"]
[WhiteElo "1957"]
[BlackElo "1812"]
[PlyCount "58"]
[EventDate "2012.07.28"]
[EventType "swiss"]
[EventRounds "10"]
[EventCountry "DEN"]
[Source "ChessBase"]
[SourceDate "2012.08.24"]

1. e4 c5 2. Nf3 d6 3. d4 cxd4 4. Nxd4 Nf6 5. Nc3 a6 6. Be2 e5 7. Nb3 Be7 8. O-O
O-O 9. Kh1 Nc6 10. f4 b5 11. a4 b4 12. Nd5 Nxe4 13. Bf3 f5 14. Nxe7+ Nxe7 15.
fxe5 dxe5 16. Nc5 Qc7 17. Nxe4 fxe4 18. Bxe4 Bb7 19. Bxb7 Qxb7 20. Bg5 Nd5 21.
Qe2 h6 22. Bd2 Qc7 23. Qe4 Rfd8 24. Rae1 Rac8 25. Bxb4 Qxc2 26. Bc3 Qxe4 27.
Rxe4 Nxc3 28. bxc3 Rxc3 29. Rxe5 Rd2 1/2-1/2

[Event "34. Copenhagen Open (Politiken Cup)"]
[Site "Elsinore"]
[Date "2012.08.05"]
[Round "10"]
[White "Rasmussen, Morten Fredsgaard"]
[Black "Schmied, Andreas"]
[Result "0-1"]
[WhiteElo "1916"]
[BlackElo "2067"]
[PlyCount "124"]
[EventDate "2012.07.28"]
[EventType "swiss"]
[EventRounds "10"]
[EventCountry "DEN"]
[Source "ChessBase"]
[SourceDate "2012.08.24"]

1. d4 Nf6 2. Nf3 g6 3. Bg5 Bg7 4. Nbd2 O-O 5. e4 d5 6. Bd3 dxe4 7. Nxe4 Nxe4 8.
Bxe4 c5 9. c3 Qb6 10. Rb1 cxd4 11. Nxd4 Qa5 12. h4 h6 13. Be3 Rd8 14. O-O e5
15. Nb3 Qc7 16. Qe2 f5 17. Bc2 b6 18. Rfd1 Be6 19. Rxd8+ Qxd8 20. g3 Nc6 21.
Rd1 Qc7 22. Nc1 Rd8 23. Rxd8+ Qxd8 24. Qd2 Qxd2 25. Bxd2 Kf7 26. Bb3 Bxb3 27.
axb3 Ke6 28. Kf1 Ne7 29. Ke2 Kd5 30. Nd3 Nc6 31. Nc1 b5 32. Be3 a6 33. Na2 Bf8
34. Nc1 Nd8 35. Nd3 Ne6 36. Bd2 Nc5 37. Nxc5 Kxc5 38. Bc1 h5 39. Bg5 Kd5 40.
Kd3 Bc5 41. Ke2 Ke4 42. Be3 Be7 43. f4 Bd6 44. fxe5 Bxe5 45. Bf2 f4 46. gxf4
Bxf4 47. b4 Be5 48. Be3 Bf6 49. Bf2 g5 50. hxg5 Bxg5 51. b3 h4 52. c4 h3 53.
Bg3 Kd4 54. c5 Kd5 55. Bd6 Bf6 56. Kf3 Bc3 57. Be7 Kc6 58. Kg3 Bxb4 59. Kxh3
Bxc5 60. Bh4 Kd5 61. Kg2 Ke4 62. Kf1 Kd3 0-1

[Event "34. Copenhagen Open (Politiken Cup)"]
[Site "Elsinore"]
[Date "2012.08.05"]
[Round "10"]
[White "Rendlev, Niels Moller"]
[Black "Jacobsen, Caroline Beer"]
[Result "0-1"]
[WhiteElo "1844"]
[BlackElo "1587"]
[PlyCount "94"]
[EventDate "2012.07.28"]
[EventType "swiss"]
[EventRounds "10"]
[EventCountry "DEN"]
[Source "ChessBase"]
[SourceDate "2012.08.24"]

1. d4 Nf6 2. f4 d5 3. e3 Bf5 4. Nf3 e6 5. c3 c5 6. Be2 Nbd7 7. O-O c4 8. Ne5
Nxe5 9. fxe5 Ne4 10. Nd2 b5 11. Nxe4 Bxe4 12. Bh5 g6 13. Bf3 Bxf3 14. Qxf3 Qd7
15. e4 Bg7 16. Bg5 O-O 17. Bf6 Bxf6 18. exf6 dxe4 19. Qf4 Kh8 20. Rae1 Rg8 21.
Rxe4 g5 22. Qg4 Rg6 23. Re3 a5 24. Rh3 h6 25. Qe4 Rb8 26. g4 b4 27. Rf2 b3 28.
a3 Re8 29. Re3 Qd8 30. Qe5 Qb6 31. h3 Rd8 32. Qg3 Kh7 33. Re5 Qc7 34. Qf3 Qb6
35. Qe4 Kh8 36. Rh2 Rxf6 37. h4 Rf4 38. Qg2 f6 39. hxg5 fxe5 40. Rxh6+ Kg7 41.
Qh3 Rg8 42. Rh7+ Kf8 43. Qh6+ Ke8 44. Qh5+ Kd8 45. g6 Kc8 46. Qxe5 Rxg4+ 47.
Kf2 R4xg6 0-1